000 00480cam a2200193ua 4500
001 1258
005 20260515113315.0
008 110622n ii |||gr||||Z||||||eng
040 _cMAIN
082 _a330.954
245 1 _aElementary of Indian economics.
_cBy K K Dewett.
250 _a21st.
260 _aNew Delhi.:
_bS chand.,984.
300 _a562 p.:
_c20 cm.
653 _aEconomics.
653 _aElementary of Indian economics.
700 1 _aDewett, K K.,
942 _cBK
999 _c1161
_d1161